| 000 | 00361nam a2200133Ia 4500 | ||
|---|---|---|---|
| 008 | 240624s9999 xx 000 0 und d | ||
| 041 | _aeng | ||
| 082 | _a658.15 PAR | ||
| 100 | _aPARASURAMAN N R | ||
| 245 | _aFINANCIAL MANAGEMENT A STEP BY STEP APPR | ||
| 260 |
_c2014 _aNew Delhi _bCengage Learning |
||
| 300 | _axxix, : 775 : p. : cm. ; 26 | ||
| 365 |
_cRS _b31 |
||
| 999 |
_c25173 _d25173 |
||